000 01184cam a2200385 a 4500
001 4733
003 FISKH
005 20240926150210.0
008 990106s1999 nyua b 000 1 eng
010 _a 99010687
020 _a0439067553
040 _aDLC
_cDLC
_dDLC
_beng
050 _aPZ8.M127
082 _a303
100 1 _aMaccarone, Grace.
245 1 4 _aThe class trip /
_cby Grace Maccarone ; illustrated by Betsy Lewin.
260 _aNew York :
_bScholastic,
_c1999.
300 _a30 unnumbered pages :
_bcolor illustrations ;
_c23 cm
440 0 _aHello reader!
_nLevel 1
490 1 _aFirst grade friends
500 _a"Cartwheel books."
505 _aD
520 _aWhen his class goes to the zoo, Sam fails to keep up with the rest of the group and gets lost.
521 8 _a160
_bLexile
521 8 _aD
_bRaz-Plus
650 1 _aZoos
_xFiction.
650 1 _aZoo animals
_xFiction.
650 1 _aSchool field trips
_xFiction.
650 1 _aLost children
_xFiction.
650 1 _aStories in rhyme.
700 1 _aLewin, Betsy,
_eillustrator
906 _a7
_bcbc
_corignew
_d1
_eocip
_f19
_gy-gencatlg
942 _2ddc
_cBK
_n0
999 _c4733
_d4733